000 00517nam a22001577a 4500
008 150303b xxu||||| |||| 00| 0 eng d
050 _aQC174.45.H4
100 _aHenley, Ernest M.
_915716
245 _aElementary quantum field theory
_cErnest M. Henley
260 _a New York
_bMcGrawhill
_c1962
300 _aix, 277p. ;
_c24cm.
440 _aInternational series in pure and applied physics
_914259
650 _aQuantum field theory
_913917
700 _aThirring, Walter
_916131
942 _2lcc
_cMONOGRAPH
_01
999 _c122252
_d122252